000
00303nam a22001217a 4500
008
160613b xxu||||| |||| 00| 0 eng d
020
_a
9780323039000
020
_a
0323039006
041
_a
eng
080
_a
618.2
245
_a
Leading and managing in nursing:
_c
Patricia S. Yoder-Wise.
942
_2
udc
_c
BK
999
_c
2449
_d
2449